000
00273nam a22001097a 4500
082
_a
621.38800288 CHR'R
100
_a
CHRISTOPHER, CARL
_9
80106
245
_a
THE RADIO T.V CONSTRUCTORS HANDBOOK
260
_a
DENMARK
_b
D. LUND JOHANSEN
_c
1980
300
_a
152P
942
_c
BK
999
_c
585067
_d
585067